[Event "Fredericia Chess IM 2026"]
[Site "Fredericia"]
[Date "2026.05.13"]
[Round "1.1"]
[White "Haarh, Simon Bjork"]
[Black "Kopylov, Michael"]
[Result "0-1"]
[WhiteElo "2217"]
[BlackElo "2329"]
[WhiteFideId "1470515"]
[BlackFideId "14105080"]
[EventDate "2026.05.13"]
[EventType "tourn"]
[EventRounds "9"]
[EventCountry "DEN"]
[SourceTitle "Live v. Fredericia Chess Club"]

1. e4 Nf6 2. e5 Nd5 3. c4 Nb6 4. d4 d6 5. f4 dxe5 6. fxe5 Bf5 7. Nc3 e6 8. Be3 Bb4 9. Nf3 c5 10. a3 Bxc3+ 11. bxc3 Nc6 12. Be2 O-O 13. O-O Na5 14. Bg5 Qd7 15. Nh4 cxd4 16. Nxf5 exf5 17. Bd3 dxc3 18. Qe2 Naxc4 19. Rad1 Qd4+ 20. Kh1 Qg4 21. Qxg4 fxg4 22. Rc1 Nxe5 23. Be4 f6 24. Be3 Rac8 25. Bxb7 Rc7 26. Ba6 Rd8 27. Kg1 c2 28. Rf2 Rd1+ 29. Bf1 Nd5 0-1

[Event "Fredericia Chess IM 2026"]
[Site "Fredericia"]
[Date "2026.05.13"]
[Round "1.2"]
[White "Loftgaard, Mikkel Vinh"]
[Black "Boudry, William"]
[Result "0-1"]
[WhiteElo "2242"]
[BlackElo "2259"]
[WhiteFideId "1468480"]
[BlackFideId "234990"]
[EventDate "2026.05.13"]
[EventType "tourn"]
[EventRounds "9"]
[EventCountry "DEN"]
[SourceTitle "Live v. Fredericia Chess Club"]

1. e4 c5 2. Nf3 Nc6 3. Bb5 e5 4. O-O Be7 5. Re1 Nd4 6. Nxd4 cxd4 7. c3 Nf6 8. cxd4 exd4 9. e5 Nd5 10. Qg4 Nb4 11. Qxg7 Rf8 12. Qxh7 Qc7 13. Na3 a6 14. Bf1 d3 15. Bxd3 Nxd3 16. Qxd3 b5 17. Qc2 Qb6 18. d4 Bb7 19. Bf4 Rc8 20. Qh7 Qxd4 21. Bg3 Qxb2 22. Nxb5 Qxb5 23. Rad1 Rc3 24. Qh6 Rc6 25. Rd6 Qa5 26. Qe3 Bg5 27. f4 Bd8 28. Rb1 Qc7 29. f5 Rc2 30. Bf2 Rg8 31. g3 Bg5 32. Qe1 Rc4 33. Bb6 Qc8 34. Bd4 Rxd4 35. Rxd4 Qc5 36. Rb4 a5 37. Rc4 Qa3 38. Re4 Qf3 39. e6 fxe6 40. fxe6 d5 41. Rc3 Qxe4 42. Qxe4 dxe4 43. Rc7 Bd5 44. Rc8+ Bd8 45. Kf2 Ke7 0-1

[Event "Fredericia Chess IM 2026"]
[Site "Fredericia"]
[Date "2026.05.13"]
[Round "1.3"]
[White "Falkesgaard, Jeppe Hald"]
[Black "Maerevoet, Sim"]
[Result "0-1"]
[WhiteElo "2344"]
[BlackElo "2456"]
[WhiteFideId "1464981"]
[BlackFideId "241725"]
[EventDate "2026.05.13"]
[EventType "tourn"]
[EventRounds "9"]
[EventCountry "DEN"]
[SourceTitle "Live v. Fredericia Chess Club"]

1. d4 d5 2. c4 e6 3. Nf3 a6 4. cxd5 exd5 5. Nc3 Be7 6. Bf4 Nf6 7. e3 Nh5 8. Be5 c6 9. h3 Nd7 10. Bh2 g6 11. Bd3 O-O 12. Qc2 Ng7 13. O-O Nf6 14. Rab1 Bf5 15. b4 Bd6 16. Bxd6 Qxd6 17. a4 Bxd3 18. Qxd3 Rac8 19. Rfd1 Ne6 20. b5 axb5 21. axb5 c5 22. dxc5 Nxc5 23. Qd4 Rfd8 24. Qh4 Kg7 25. Ne2 Nce4 26. Rd3 h6 27. Nfd4 Rc4 28. Qf4 Qxf4 29. Nxf4 Rdc8 30. g4 Nc3 31. Ra1 Nfe4 32. Ra7 Nxb5 33. Nxb5 Rc1+ 34. Kh2 R8c2 35. Ng2 Rxf2 36. Nd4 Rff1 37. Nf4 Rh1+ 38. Kg2 Rcg1+ 39. Kf3 Rg3+ 40. Ke2 Rh2+ 0-1

[Event "Fredericia Chess IM 2026"]
[Site "Fredericia"]
[Date "2026.05.13"]
[Round "1.4"]
[White "Easwaralingam, Adesh"]
[Black "Nilssen, Ellen Fredericia"]
[Result "1/2-1/2"]
[WhiteElo "2233"]
[BlackElo "2153"]
[WhiteFideId "1448552"]
[BlackFideId "1441230"]
[EventDate "2026.05.13"]
[EventType "tourn"]
[EventRounds "9"]
[EventCountry "DEN"]
[SourceTitle "Live v. Fredericia Chess Club"]

1. e4 c5 2. Nf3 Nf6 3. Nc3 d5 4. exd5 Nxd5 5. Bb5+ Bd7 6. Bxd7+ Qxd7 7. O-O Nc6 8. Ne4 e6 9. d4 cxd4 10. Nxd4 Be7 11. Nb3 Nf6 12. Nxf6+ Bxf6 13. Qxd7+ Kxd7 14. Nc5+ Kc7 15. Rd1 Rad8 16. Bf4+ Be5 17. Bg5 Bf6 18. Bf4+ Be5 19. Bg5 Bf6 20. Bf4+ Be5 1/2-1/2

[Event "Fredericia Chess IM 2026"]
[Site "Fredericia"]
[Date "2026.05.13"]
[Round "1.5"]
[White "Holinka, Henning"]
[Black "Kistrup, Nicolai"]
[Result "1/2-1/2"]
[WhiteElo "2355"]
[BlackElo "2380"]
[WhiteFideId "12967084"]
[BlackFideId "1444816"]
[EventDate "2026.05.13"]
[EventType "tourn"]
[EventRounds "9"]
[EventCountry "DEN"]
[SourceTitle "Live v. Fredericia Chess Club"]

1. e4 c5 2. Nf3 d6 3. d4 cxd4 4. Nxd4 Nf6 5. Nc3 Nc6 6. Bg5 g6 7. Bxf6 exf6 8. Bc4 Bg7 9. Ndb5 O-O 10. Qxd6 a6 11. Qxd8 Rxd8 12. Nc7 Rb8 13. N7d5 b5 14. Bb3 f5 15. O-O-O Kf8 16. exf5 Bxf5 17. Ne3 Nd4 18. Nxf5 gxf5 19. a4 Rd6 20. Kb1 Rbd8 21. axb5 axb5 22. Ba2 Ra8 23. Ne2 Rda6 24. Nc1 Ne2 25. Nxe2 Rxa2 26. c3 b4 27. Kc2 R8a3 28. Kb1 Ra1+ 29. Kc2 R1a2 30. Nc1 Rxc3+ 31. Kb1 Rxc1+ 32. Kxa2 Rc2 33. Rb1 Rxf2 34. g3 Be5 35. Kb3 Kg7 36. Rhf1 Rxh2 37. Rxf5 f6 38. Kxb4 Bxb2 39. Kc4 Rg2 40. Kd5 Be5 41. Rxe5 fxe5 42. Kxe5 Rxg3 43. Kf4 Ra3 1/2-1/2

[Event "Fredericia Chess IM 2026"]
[Site "Fredericia"]
[Date "2026.05.14"]
[Round "2.1"]
[White "Haarh, Simon Bjork"]
[Black "Loftgaard, Mikkel Vinh"]
[Result "1/2-1/2"]
[WhiteElo "2217"]
[BlackElo "2242"]
[WhiteFideId "1470515"]
[BlackFideId "1468480"]
[EventDate "2026.05.13"]
[EventType "tourn"]
[EventRounds "9"]
[EventCountry "DEN"]
[SourceTitle "Live v. Fredericia Chess Club"]

1. e4 c5 2. Nf3 e6 3. d4 cxd4 4. Nxd4 Nc6 5. Nc3 a6 6. a3 Qc7 7. Be3 Nf6 8. Be2 b5 9. O-O Bb7 10. f4 Bc5 11. Bf3 Qb6 12. Nce2 Nxd4 13. Nxd4 Bxe4 14. b4 Bxd4 15. Bxd4 Qc6 16. Bxe4 Nxe4 17. f5 f6 18. Qh5+ Ke7 19. fxe6 Qxe6 20. Rae1 d5 21. Bc5+ Kd7 22. Rxe4 dxe4 23. Rd1+ Kc6 24. Rd6+ Qxd6 25. Bxd6 Kxd6 26. Qc5+ Ke6 27. Qc6+ Ke5 28. Qc7+ Ke6 29. Qxg7 Rhe8 30. Qxh7 e3 31. Qe4+ Kf7 32. Qh7+ Kf8 33. Qh6+ Kf7 34. Qh7+ Kf8 35. Qh6+ Kf7 36. Qh7+ 1/2-1/2

[Event "Fredericia Chess IM 2026"]
[Site "Fredericia"]
[Date "2026.05.14"]
[Round "2.2"]
[White "Boudry, William"]
[Black "Falkesgaard, Jeppe Hald"]
[Result "1-0"]
[WhiteElo "2259"]
[BlackElo "2344"]
[WhiteFideId "234990"]
[BlackFideId "1464981"]
[EventDate "2026.05.13"]
[EventType "tourn"]
[EventRounds "9"]
[EventCountry "DEN"]
[SourceTitle "Live v. Fredericia Chess Club"]

1. Nf3 d5 2. c4 e6 3. e3 Nf6 4. Nc3 b6 5. cxd5 exd5 6. b3 a6 7. Bb2 Bd6 8. Be2 O-O 9. O-O Bb7 10. Rc1 Nbd7 11. d4 Ne4 12. Nxe4 dxe4 13. Ne5 b5 14. a4 Qe7 15. Qc2 Bd5 16. axb5 axb5 17. Bxb5 Bxe5 18. dxe5 c6 19. Rfd1 Qe6 20. Bxc6 Bxc6 21. Qxc6 Qxb3 22. e6 Nb6 23. e7 Rfe8 24. Qxa8 Nxa8 25. Rd8 Qa4 26. Ra1 Qc6 27. Ra6 Qb5 28. Raxa8 f6 29. Rxe8+ Kf7 30. Reb8 1-0

[Event "Fredericia Chess IM 2026"]
[Site "Fredericia"]
[Date "2026.05.14"]
[Round "2.3"]
[White "Maerevoet, Sim"]
[Black "Easwaralingam, Adesh"]
[Result "1-0"]
[WhiteElo "2456"]
[BlackElo "2233"]
[WhiteFideId "241725"]
[BlackFideId "1448552"]
[EventDate "2026.05.13"]
[EventType "tourn"]
[EventRounds "9"]
[EventCountry "DEN"]
[SourceTitle "Live v. Fredericia Chess Club"]

1. d4 Nf6 2. c4 e6 3. Nc3 Bb4 4. Qc2 d5 5. cxd5 exd5 6. Bf4 c6 7. e3 Nbd7 8. a3 Be7 9. Nf3 Nf8 10. h3 Ng6 11. Bh2 Bd6 12. Bxd6 Qxd6 13. Bd3 O-O 14. O-O Bd7 15. b4 a5 16. Na4 axb4 17. axb4 Qc7 18. b5 b6 19. bxc6 Qxc6 20. Qxc6 Bxc6 21. Nxb6 Rxa1 22. Rxa1 Rb8 23. Rb1 Nd7 24. Nxd7 Rxb1+ 25. Bxb1 Bxd7 26. Bxg6 hxg6 27. Ne5 Bb5 28. h4 Kf8 29. f3 Be8 30. Kf2 Ke7 31. e4 f5 32. exf5 gxf5 33. Ke3 Kf6 34. Kf4 Ba4 35. h5 Bc2 36. Ng6 Ba4 37. Nh4 Bc2 38. g3 Bd3 39. Ng2 g5+ 40. hxg6 Kxg6 41. Ke5 Kg5 42. Ne3 1-0

[Event "Fredericia Chess IM 2026"]
[Site "Fredericia"]
[Date "2026.05.14"]
[Round "2.4"]
[White "Kopylov, Michael"]
[Black "Kistrup, Nicolai"]
[Result "0-1"]
[WhiteElo "2329"]
[BlackElo "2380"]
[WhiteFideId "14105080"]
[BlackFideId "1444816"]
[EventDate "2026.05.13"]
[EventType "tourn"]
[EventRounds "9"]
[EventCountry "DEN"]
[SourceTitle "Live v. Fredericia Chess Club"]

1. d4 Nf6 2. Nf3 e6 3. g3 c5 4. Bg2 d5 5. O-O Nc6 6. c4 dxc4 7. Ne5 Bd7 8. Nxc6 Bxc6 9. Bxc6+ bxc6 10. Qa4 cxd4 11. Qxc6+ Nd7 12. Qxc4 e5 13. e3 Rc8 14. Qe2 Bc5 15. exd4 Bxd4 16. Nc3 O-O 17. Be3 Re8 18. Rfd1 Qb6 19. Rac1 Bxe3 20. Qxe3 Qxe3 21. fxe3 Nf6 22. Nb5 Rb8 23. Nd6 Re6 24. Rc8+ Rxc8 25. Nxc8 g6 26. Rd6 Rxd6 27. Nxd6 Kf8 28. a4 Nd5 29. Kf2 f5 30. e4 fxe4 31. Nxe4 Ke7 32. Ke2 h6 33. Kd3 Ke6 34. Kc4 Nb6+ 35. Kb5 Kd5 36. Nf2 0-1

[Event "Fredericia Chess IM 2026"]
[Site "Fredericia"]
[Date "2026.05.14"]
[Round "2.5"]
[White "Nilssen, Ellen Fredericia"]
[Black "Holinka, Henning"]
[Result "0-1"]
[WhiteElo "2153"]
[BlackElo "2355"]
[WhiteFideId "1441230"]
[BlackFideId "12967084"]
[EventDate "2026.05.13"]
[EventType "tourn"]
[EventRounds "9"]
[EventCountry "DEN"]
[SourceTitle "Live v. Fredericia Chess Club"]

1. e4 c5 2. Nf3 d6 3. Bb5+ Nd7 4. d4 cxd4 5. Qxd4 a6 6. Be2 e5 7. Qe3 Ngf6 8. O-O b5 9. a4 b4 10. Bc4 Be7 11. c3 Qc7 12. Qe2 Bb7 13. Nfd2 d5 14. exd5 Nxd5 15. Ne4 O-O 16. cxb4 Bxb4 17. Bd2 Nf4 18. Bxf4 exf4 19. Rc1 Ne5 20. f3 Rac8 21. b3 Qb6+ 22. Qf2 Qxf2+ 23. Nxf2 Rfe8 24. Ra2 Nxc4 25. bxc4 Rxc4 26. Rd1 Bc5 27. Nd2 Rd4 28. Kf1 Red8 29. Rc1 Bb4 30. Nb3 R4d5 31. Rac2 a5 32. h3 h6 33. Kg1 Ba6 34. Nc5 Bc8 35. Rc4 Bd2 36. R1c2 Be3 37. Kh2 Bf5 38. Nce4 Rb8 39. Nc3 Bxc2 40. Nxd5 Bb3 0-1

[Event "Fredericia Chess IM 2026"]
[Site "Fredericia"]
[Date "2026.05.14"]
[Round "3.1"]
[White "Falkesgaard, Jeppe Hald"]
[Black "Haarh, Simon Bjork"]
[Result "0-1"]
[WhiteElo "2344"]
[BlackElo "2217"]
[WhiteFideId "1464981"]
[BlackFideId "1470515"]
[EventDate "2026.05.13"]
[EventType "tourn"]
[EventRounds "9"]
[EventCountry "DEN"]
[SourceTitle "Live v. Fredericia Chess Club"]

1. Nf3 Nf6 2. c4 e6 3. Nc3 d5 4. d4 Be7 5. Bf4 O-O 6. e3 c5 7. dxc5 Bxc5 8. Qc2 Nc6 9. Rd1 Qe7 10. a3 d4 11. Na4 e5 12. Bg5 Bd6 13. Be2 h6 14. Bh4 Bg4 15. O-O Rfe8 16. c5 Bc7 17. b4 Bxf3 18. gxf3 g5 19. Bg3 e4 20. exd4 Rad8 21. Qc4 Bxg3 22. fxg3 exf3 23. Bxf3 Nxd4 24. Bg2 Ng4 25. Bd5 Qe3+ 26. Kh1 Nf2+ 27. Kg2 Nxd1 28. Bxf7+ Kg7 0-1

[Event "Fredericia Chess IM 2026"]
[Site "Fredericia"]
[Date "2026.05.14"]
[Round "3.2"]
[White "Loftgaard, Mikkel Vinh"]
[Black "Kopylov, Michael"]
[Result "1/2-1/2"]
[WhiteElo "2242"]
[BlackElo "2329"]
[WhiteFideId "1468480"]
[BlackFideId "14105080"]
[EventDate "2026.05.13"]
[EventType "tourn"]
[EventRounds "9"]
[EventCountry "DEN"]
[SourceTitle "Live v. Fredericia Chess Club"]

1. e4 c5 2. Nf3 e6 3. c3 d5 4. exd5 Qxd5 5. d4 Nf6 6. Bd3 Nc6 7. O-O Be7 8. c4 Qd7 9. dxc5 Bxc5 10. a3 O-O 11. Qc2 Rd8 12. Rd1 Qe7 13. Bg5 h6 14. Bh4 b6 15. Nc3 Bb7 16. Qe2 Nd4 17. Nxd4 Rxd4 18. Bg3 Rd7 19. Rd2 Rad8 20. Rad1 Bc6 21. b4 Bd4 22. Be5 Kf8 23. Bxd4 Rxd4 24. Bc2 Rxd2 25. Rxd2 Rxd2 26. Qxd2 Qd7 27. Qxd7 Nxd7 28. Bd3 Ke7 29. f3 g5 30. Kf2 Kd6 1/2-1/2

[Event "Fredericia Chess IM 2026"]
[Site "Fredericia"]
[Date "2026.05.14"]
[Round "3.3"]
[White "Easwaralingam, Adesh"]
[Black "Boudry, William"]
[Result "1/2-1/2"]
[WhiteElo "2233"]
[BlackElo "2259"]
[WhiteFideId "1448552"]
[BlackFideId "234990"]
[EventDate "2026.05.13"]
[EventType "tourn"]
[EventRounds "9"]
[EventCountry "DEN"]
[SourceTitle "Live v. Fredericia Chess Club"]

1. e4 e5 2. Nf3 Nc6 3. Bb5 a6 4. Ba4 Nf6 5. d3 d6 6. c3 g6 7. O-O Bg7 8. Nbd2 O-O 9. Re1 Nh5 10. Nf1 b5 11. Bb3 Bg4 12. Ne3 Bxf3 13. Qxf3 Nf4 14. Nd5 Ne6 15. Qd1 Kh8 16. f4 exf4 17. Nxf4 Nxf4 18. Bxf4 Na5 19. Bc2 c5 20. Qg4 b4 21. cxb4 cxb4 22. Rab1 Rc8 23. Ba4 Nc6 24. Kh1 Qa5 25. Bb3 h5 26. Qd7 Ne5 27. Qh3 Ng4 28. Qg3 Be5 29. h3 Bxf4 30. Qxf4 Qe5 31. Rf1 Qxf4 32. Rxf4 Ne5 33. d4 Nc6 34. Rd1 Kg7 35. Rd2 Rc7 36. Rc2 Rfc8 37. e5 dxe5 38. dxe5 Nxe5 39. Rxc7 Rxc7 40. Rxb4 Rc5 41. Rd4 g5 42. Kh2 Rc1 43. Rd1 Rc5 44. Rd5 Rxd5 45. Bxd5 a5 46. b3 h4 47. a3 f5 48. b4 1/2-1/2

[Event "Fredericia Chess IM 2026"]
[Site "Fredericia"]
[Date "2026.05.14"]
[Round "3.4"]
[White "Holinka, Henning"]
[Black "Maerevoet, Sim"]
[Result "0-1"]
[WhiteElo "2355"]
[BlackElo "2456"]
[WhiteFideId "12967084"]
[BlackFideId "241725"]
[EventDate "2026.05.13"]
[EventType "tourn"]
[EventRounds "9"]
[EventCountry "DEN"]
[SourceTitle "Live v. Fredericia Chess Club"]

1. e4 e5 2. Nf3 Nc6 3. Bc4 d6 4. O-O Bg4 5. h3 Bh5 6. Be2 Nf6 7. d3 Be7 8. c4 Bxf3 9. Bxf3 Nd7 10. Be3 Bg5 11. g3 Bxe3 12. fxe3 Qg5 13. Qe1 Nc5 14. h4 Qg6 15. Be2 O-O 16. b4 Nxb4 17. h5 Qg5 18. Qxb4 Qxg3+ 19. Kh1 f5 20. Nc3 fxe4 21. dxe4 Qh3+ 22. Kg1 Qxe3+ 23. Kg2 Nxe4 24. Nxe4 Qxe2+ 25. Nf2 Qf3+ 26. Kh2 Qf4+ 27. Kh1 Qh4+ 28. Kg2 Qg5+ 29. Kh2 Rf3 30. c5 Raf8 31. Qc4+ d5 32. Qxd5+ Kh8 33. Nh3 Qg3+ 0-1

[Event "Fredericia Chess IM 2026"]
[Site "Fredericia"]
[Date "2026.05.14"]
[Round "3.5"]
[White "Kistrup, Nicolai"]
[Black "Nilssen, Ellen Fredericia"]
[Result "1-0"]
[WhiteElo "2380"]
[BlackElo "2153"]
[WhiteFideId "1444816"]
[BlackFideId "1441230"]
[EventDate "2026.05.13"]
[EventType "tourn"]
[EventRounds "9"]
[EventCountry "DEN"]
[SourceTitle "Live v. Fredericia Chess Club"]

1. Nf3 d5 2. g3 Nf6 3. Bg2 e6 4. O-O Nbd7 5. d4 a6 6. Nbd2 b5 7. b3 Bb7 8. Bb2 c5 9. c4 Be7 10. cxd5 Bxd5 11. Re1 cxd4 12. Bxd4 O-O 13. Qb1 e5 14. Bb2 Bc5 15. e3 Re8 16. Ng5 Bxg2 17. Kxg2 Qb6 18. Qf5 h6 19. Nge4 Bb4 20. Red1 Rad8 21. Nf3 Nxe4 22. Qxe4 Bd6 23. Rac1 Nc5 24. Qg4 Re6 25. Bxe5 Bxe5 26. Rxd8+ Qxd8 27. Rxc5 Bf6 28. h4 Qd3 29. Qf4 Re8 30. Rc6 a5 31. Rb6 Qd5 32. Rd6 Qc5 33. Rd7 Rc8 34. Qe4 Qc6 35. Qd5 Qxd5 36. Rxd5 Rc2 37. a4 b4 38. Rxa5 Rb2 39. Rb5 Rxb3 40. Nd2 Rb2 41. Nc4 Rb1 42. a5 Ra1 43. Rxb4 Bc3 44. Rb8+ Kh7 45. Rb7 f6 46. Nd6 Rxa5 47. e4 Bd4 48. g4 Ra7 49. Rxa7 Bxa7 50. h5 Bb8 51. Nf5 Kg8 52. Kf3 Kf7 53. Ke3 Ba7+ 54. Ke2 Bb8 55. Kd3 Bf4 56. Nh4 Bb8 57. Kc4 Ba7 58. f3 Bf2 59. Nf5 Be1 60. Kc5 g6 61. Nd6+ Kg7 62. Kd5 f5 63. Ke6 fxe4 64. fxe4 Bc3 65. Nc8 gxh5 66. gxh5 Bf6 67. Nd6 Bg5 68. Nf5+ Kf8 69. Nd6 Kg7 70. Nb5 Kf8 71. Na3 Ke8 72. Nc2 Kf8 73. Nd4 Ke8 74. Nf3 Be3 75. Kf6 Bc1 76. e5 Bb2 77. Nh4 Bc1 78. Nf5 Bf4 79. Ng7+ Kd7 80. e6+ Kd6 81. Nf5+ Kd5 82. e7 Bg5+ 83. Kg6 1-0

[Event "Fredericia Chess IM 2026"]
[Site "Fredericia"]
[Date "2026.05.15"]
[Round "4.1"]
[White "Haarh, Simon Bjork"]
[Black "Easwaralingam, Adesh"]
[Result "0-1"]
[WhiteElo "2217"]
[BlackElo "2233"]
[WhiteFideId "1470515"]
[BlackFideId "1448552"]
[EventDate "2026.05.13"]
[EventType "tourn"]
[EventRounds "9"]
[EventCountry "DEN"]
[SourceTitle "Live v. Fredericia Chess Club"]

1. d4 Nf6 2. c4 e6 3. Nf3 Bb4+ 4. Bd2 a5 5. g3 b6 6. Bg2 Ba6 7. a3 Bxd2+ 8. Nbxd2 O-O 9. O-O Bb7 10. Qc2 d6 11. e4 Nfd7 12. e5 d5 13. h4 g6 14. cxd5 Bxd5 15. Nh2 c5 16. Bxd5 exd5 17. f4 Nc6 18. dxc5 Nd4 19. Qd3 bxc5 20. h5 Qb6 21. Nhf3 Nf5 22. Qxd5 Rad8 23. Nc4 Qc7 24. e6 fxe6 25. Qxe6+ Kg7 26. hxg6 Rde8 27. Ng5 h6 28. Rad1 Nb8 29. Nd6 Nxd6 30. Rxd6 hxg5 31. Qd5 gxf4 32. Rxf4 Rxf4 33. gxf4 Qe7 34. Qxc5 Qe1+ 35. Kg2 Re2+ 36. Kf3 Qf1+ 37. Kg4 Qg2+ 38. Kh4 Qh1+ 39. Kg4 Rg2+ 40. Kf5 Qh5+ 0-1

[Event "Fredericia Chess IM 2026"]
[Site "Fredericia"]
[Date "2026.05.15"]
[Round "4.2"]
[White "Loftgaard, Mikkel Vinh"]
[Black "Falkesgaard, Jeppe Hald"]
[Result "1-0"]
[WhiteElo "2242"]
[BlackElo "2344"]
[WhiteFideId "1468480"]
[BlackFideId "1464981"]
[EventDate "2026.05.13"]
[EventType "tourn"]
[EventRounds "9"]
[EventCountry "DEN"]
[SourceTitle "Live v. Fredericia Chess Club"]

1. e4 c6 2. Nf3 d5 3. d3 g6 4. e5 Bg7 5. d4 Bg4 6. Nbd2 c5 7. c3 Nc6 8. h3 Bxf3 9. Nxf3 cxd4 10. cxd4 e6 11. Bd3 Nge7 12. Be3 O-O 13. g4 f6 14. exf6 Bxf6 15. h4 e5 16. dxe5 Nxe5 17. Nxe5 Bxe5 18. h5 Qd6 19. hxg6 hxg6 20. Qb3 Rac8 21. Rd1 Qe6 22. Be2 Rcd8 23. Rh3 Bg7 24. Bc5 Bf6 25. Re3 Qf7 26. Rf3 Qh7 27. Rh3 Qf7 28. Rf3 Qe6 29. Bxe7 Bxe7 30. Rxf8+ Bxf8 31. Kf1 Rd6 32. Bf3 Kh8 33. Qxb7 d4 34. Qxa7 Rd7 35. Qa8 Kg7 36. Qe4 Qf6 37. Qc6 Rd6 38. Qb7+ Kh6 39. Kg2 Kg5 40. Qb5+ Kf4 41. Qc5 1-0

[Event "Fredericia Chess IM 2026"]
[Site "Fredericia"]
[Date "2026.05.15"]
[Round "4.3"]
[White "Boudry, William"]
[Black "Holinka, Henning"]
[Result "1/2-1/2"]
[WhiteElo "2259"]
[BlackElo "2355"]
[WhiteFideId "234990"]
[BlackFideId "12967084"]
[EventDate "2026.05.13"]
[EventType "tourn"]
[EventRounds "9"]
[EventCountry "DEN"]
[SourceTitle "Live v. Fredericia Chess Club"]

1. e4 c5 2. Nf3 d6 3. d4 cxd4 4. Nxd4 Nf6 5. Nc3 a6 6. Nb3 g6 7. Be3 Bg7 8. f3 Nbd7 9. Qd2 h5 10. O-O-O b6 11. Kb1 Bb7 12. Qf2 b5 13. a4 bxa4 14. Nxa4 Bc6 15. Nb6 Nxb6 16. Bxb6 Qc8 17. Rd3 O-O 18. Rc3 Qd7 19. Be2 Rfc8 20. Rd1 Qe8 21. Bd4 e5 22. Be3 d5 23. exd5 Nxd5 24. Rc5 Nxe3 25. Qxe3 e4 26. Nd4 Rab8 27. fxe4 Bxe4 28. Rxc8 Bxc2+ 29. Kxc2 Rxc8+ 30. Kd2 Qa4 31. Ke1 Rd8 32. Nf3 Qb4+ 33. Kf1 Rxd1+ 34. Bxd1 Bxb2 35. Bb3 Qb5+ 36. Kg1 Bf6 37. h4 Kg7 38. Ng5 Qb4 39. Nf3 a5 40. Bd5 Qb1+ 41. Kh2 Qb8+ 42. g3 a4 43. Ng5 Qb2+ 44. Kh3 Qb5 45. Qf3 Qd7+ 46. Kh2 Bxg5 47. hxg5 Qe7 48. Qc3+ Kg8 49. Qc6 Kg7 50. Qc3+ Kg8 51. Qf6 Qe2+ 52. Kh3 Qg4+ 53. Kg2 Qe2+ 54. Qf2 Qe8 55. Qc2 Kh7 56. Qf2 Kg8 57. Qc2 Kh7 58. Qf2 1/2-1/2

[Event "Fredericia Chess IM 2026"]
[Site "Fredericia"]
[Date "2026.05.15"]
[Round "4.4"]
[White "Maerevoet, Sim"]
[Black "Kistrup, Nicolai"]
[Result "1/2-1/2"]
[WhiteElo "2456"]
[BlackElo "2380"]
[WhiteFideId "241725"]
[BlackFideId "1444816"]
[EventDate "2026.05.13"]
[EventType "tourn"]
[EventRounds "9"]
[EventCountry "DEN"]
[SourceTitle "Live v. Fredericia Chess Club"]

1. d4 Nf6 2. c4 e6 3. Nc3 Bb4 4. Qc2 O-O 5. e4 d5 6. e5 Ne4 7. Bd3 c5 8. Nf3 cxd4 9. Nxd4 Nd7 10. Bf4 Qh4 11. g3 Qh5 12. h4 Nxe5 13. Be2 Qg6 14. Bxe5 f6 15. h5 Qf7 16. Bf4 e5 17. O-O-O Bxc3 18. bxc3 exf4 19. gxf4 Qe7 20. Rdg1 Nxf2 21. Rh4 Qe3+ 22. Kb2 Nd3+ 23. Bxd3 Qxg1 24. Bxh7+ Kh8 25. h6 g6 26. Qxg6 Qxg6 27. Bxg6 f5 28. cxd5 Bd7 29. Rh5 Rf6 30. Bxf5 Bxf5 31. Nxf5 Raf8 32. Nd4 Rxf4 33. Kb3 R4f6 34. Ne6 Re8 35. c4 Kh7 36. c5 Kg6 37. Rh3 Rh8 38. Rg3+ Kf5 39. Rg7 Ke5 40. Ng5 Kxd5 41. h7 1/2-1/2

[Event "Fredericia Chess IM 2026"]
[Site "Fredericia"]
[Date "2026.05.15"]
[Round "4.5"]
[White "Kopylov, Michael"]
[Black "Nilssen, Ellen Fredericia"]
[Result "1-0"]
[WhiteElo "2329"]
[BlackElo "2153"]
[WhiteFideId "14105080"]
[BlackFideId "1441230"]
[EventDate "2026.05.13"]
[EventType "tourn"]
[EventRounds "9"]
[EventCountry "DEN"]
[SourceTitle "Live v. Fredericia Chess Club"]

1. d4 d5 2. c4 e6 3. Nf3 Nf6 4. g3 dxc4 5. Qa4+ Nbd7 6. Qxc4 a6 7. a4 b5 8. Qc6 Rb8 9. axb5 Bb7 10. Qc2 Be4 11. Qb3 Bd5 12. Qd3 Be4 13. Qe3 axb5 14. Nc3 Bb4 15. Bg2 Nb6 16. O-O Nbd5 17. Nxd5 Qxd5 18. Bd2 Bd6 19. Rfc1 O-O 20. Ne1 Bxg2 21. Nxg2 Rfd8 22. Ba5 b4 23. Bxc7 Bxc7 24. Rxc7 Qxd4 25. Qxd4 Rxd4 26. Ne3 Rd2 27. Rb7 Rbd8 28. Rxb4 Rxe2 29. Ra7 Nd5 30. Nxd5 exd5 31. Rd7 Ree8 32. Rbb7 d4 33. Kf1 d3 34. Rxd8 Rxd8 35. Ke1 d2+ 36. Kd1 g6 37. Rc7 Kg7 38. Rc2 Kf6 39. Rxd2 Rb8 40. Kc2 Rc8+ 41. Kb1 Rb8 42. Rd4 Ke5 43. Rd7 Ke6 44. Rc7 Rb3 45. Rc3 Rb7 46. Kc2 Kd5 47. b3 h5 48. Rc4 Ra7 49. Kc3 Ra2 50. Rf4 f5 51. Rd4+ Ke6 52. Rd2 Ra8 53. b4 Rc8+ 54. Kd4 Rd8+ 55. Ke3 Rb8 56. Rb2 Kd5 57. b5 Rb6 58. Kf4 Kc4 59. Kg5 Kd3 60. h4 Ke4 61. Rb3 Kd4 62. Ra3 Ke4 63. f3+ Kd4 64. f4 Ke4 65. Ra6 Rxb5 66. Rxg6 Rb8 67. Kxh5 Kf3 68. Kh6 Rh8+ 69. Kg7 Rh5 70. Rg5 Rxg5+ 71. hxg5 Kxg3 72. g6 Kxf4 73. Kh6 Ke3 74. g7 1-0

[Event "Fredericia Chess IM 2026"]
[Site "Fredericia"]
[Date "2026.05.15"]
[Round "5.1"]
[White "Holinka, Henning"]
[Black "Haarh, Simon Bjork"]
[Result "1-0"]
[WhiteElo "2355"]
[BlackElo "2217"]
[WhiteFideId "12967084"]
[BlackFideId "1470515"]
[EventDate "2026.05.13"]
[EventType "tourn"]
[EventRounds "9"]
[EventCountry "DEN"]
[SourceTitle "Live v. Fredericia Chess Club"]

1. e4 c5 2. Nf3 d6 3. d4 cxd4 4. Nxd4 Nf6 5. Nc3 a6 6. Be2 e5 7. Nb3 Be7 8. h4 Be6 9. f4 exf4 10. Bxf4 O-O 11. Qd3 Nc6 12. O-O-O Ne5 13. Qg3 Qc7 14. h5 Kh8 15. Nd4 Rac8 16. h6 g6 17. Rd2 Qa5 18. Nxe6 Rxc3 19. Qxc3 Qxa2 20. Rxd6 Bxd6 21. Bxe5 Bxe5 22. Qxe5 Qxe6 23. Qd4 Rc8 24. Bg4 1-0